Košice v slovenskej historiografii
| Titel: | Košice v slovenskej historiografii = Košice in Slovak Historiography / Ondrej Ficeri |
|---|---|
| Verfasser: | |
| Ausgabe: | 1. vydanie |
| Veröffentlicht: | Košice : Dejepisný spolok, 2016 |
| Umfang: | 266 Seiten : Illustrationen |
| Format: | Buch |
| Sprache: | Slowakisch; Englisch |
| ISBN: | 9788097189525 |
| Hinweise zum Inhalt: |
Inhaltsverzeichnis
Register Cover Buch Bibliographie |
alg: 43307159 001A $03004:28-06-18 001B $01999:14-11-24 $t19:54:12.000 001D $03004:12-04-23 001U $0utf8 001X $00 002@ $0Aau 002C $aText $btxt $2rdacontent 002D $aohne Hilfsmittel zu benutzen $bn $2rdamedia 002E $aBand $bnc $2rdacarrier 003@ $0433071591 004A $A978-80-971895-2-5 007A $0BV043730973 $aBVB 007G $0DE02083893A54FB7991D2C1258996003F2EDA 009P $qapplication/pdf $A2 $3Inhaltsverzeichnis $uhttp://scans.hebis.de/HEBCGI/show.pl?43307159_toc.pdf $mV:DE-603;B:DE-Mb50 009P $qapplication/pdf $A2 $3Register $uhttp://scans.hebis.de/HEBCGI/show.pl?43307159_idx.pdf $mV:DE-603;B:DE-Mb50 009P $qapplication/pdf $A2 $3Cover $uhttp://scans.hebis.de/HEBCGI/show.pl?43307159_cov.pdf $mV:DE-603;B:DE-Mb50 009P $qapplication/pdf $A2 $3Buch Bibliographie $uhttp://scans.hebis.de/HEBCGI/show.pl?43307159_bib.pdf $mV:DE-603;B:DE-Mb50 010@ $aslo $aeng 010E $erda 011@ $a2016 $n2016 021A $aKošice v slovenskej historiografii $fKošice in Slovak Historiography $hOndrej Ficeri 028A $BVerfasser $4aut $D20220215 $Ecgwrk $8Ficeri, Ondrej$Z1981- [Tp3] $9464041449 032@ $a1. vydanie 033A $pKošice $nDejepisný spolok 034D $a266 Seiten 034M $aIllustrationen 037A $aLiteraturverzeichnis: Seite 227-259, Register 044K $RKassa $#Kaschau Košice $#Koshice $#Cassovia Košice $71028389-4 $8Košice [Tg1] $9042044669 044K $RSchrifttum $RGeschichtswissenschaft $#Historiography $#Historiographie $#Historiographie $#Historiografie $#Historisierung $74020531-9 $8Geschichtsschreibung [Ts1] $9085049425 045F $a307.09437309034 $eDDC23BSB 045F/01 $a307.09 045F/03 $f09034 045F/03 $f0904 045F/03 $g4373 045R $aGeschichte 046L $aEinleitung in englischer Sprache lok: 43307159 24 exp: 43307159 24 1 #EPN 201B/01 $012-04-23 $t11:13:52.000 201C/01 $028-06-18 201U/01 $0utf8 203@/01 $0102394166X 208@/01 $a12-04-23 $bz 209A/01 $a23.00966 $du $f050 $h23 00966 $x00 209C/01 $a23.00966 T $h23 00966 T 209G/01 $a74571506 $x00 220C/01 $akon 247C/01 $8358050-7Marburg, Bibliothek des Herder-Instituts Marburg $9102600961
| LEADER | 00000cam a2200000 c 4500 | ||
|---|---|---|---|
| 001 | 433071591 | ||
| 003 | DE-603 | ||
| 005 | 20241114195412.0 | ||
| 007 | tu | ||
| 008 | 180628s2016 xx |||| | u00||u|slo c | ||
| 020 | |a 9788097189525 | ||
| 035 | |a (DE-599)BVBBV043730973 | ||
| 040 | |a DE-603 |b ger |c DE-603 |d DE-603 |e rda | ||
| 041 | |a slo |a eng | ||
| 082 | 0 | 4 | |8 1\u |a 307.09437309034 |q DE-101 |2 23/BSB |
| 085 | |8 1\u |b 307.09 | ||
| 085 | |8 1\u |z 1 |s 09034 | ||
| 085 | |8 1\u |z 1 |s 0904 | ||
| 085 | |8 1\u |z 2 |s 4373 | ||
| 100 | 1 | |a Ficeri, Ondrej |d 1981- |e Verfasser |4 aut |0 (DE-603)464041449 |0 (DE-588)120975634X |2 gnd | |
| 245 | 0 | 0 | |a Košice v slovenskej historiografii |b = Košice in Slovak Historiography |c Ondrej Ficeri |
| 250 | |a 1. vydanie | ||
| 264 | 1 | |a Košice |b Dejepisný spolok |c 2016 | |
| 300 | |a 266 Seiten |b Illustrationen | ||
| 336 | |a Text |b txt |2 rdacontent | ||
| 337 | |a ohne Hilfsmittel zu benutzen |b n |2 rdamedia | ||
| 338 | |a Band |b nc |2 rdacarrier | ||
| 500 | |a Literaturverzeichnis: Seite 227-259, Register | ||
| 546 | |a Einleitung in englischer Sprache | ||
| 648 | 7 | |a Geschichte |2 gnd | |
| 650 | 7 | |a Geschichtsschreibung |0 (DE-588)4020531-9 |0 (DE-603)085049425 |2 gnd | |
| 651 | 7 | |a Košice |0 (DE-588)1028389-4 |0 (DE-603)042044669 |2 gnd | |
| 856 | 4 | 2 | |m V:DE-603;B:DE-Mb50 |q application/pdf |u http://scans.hebis.de/HEBCGI/show.pl?43307159_toc.pdf |3 Inhaltsverzeichnis |
| 856 | 4 | 2 | |m V:DE-603;B:DE-Mb50 |q application/pdf |u http://scans.hebis.de/HEBCGI/show.pl?43307159_idx.pdf |3 Register |
| 856 | 4 | 2 | |m V:DE-603;B:DE-Mb50 |q application/pdf |u http://scans.hebis.de/HEBCGI/show.pl?43307159_cov.pdf |3 Cover |
| 856 | 4 | 2 | |m V:DE-603;B:DE-Mb50 |q application/pdf |u http://scans.hebis.de/HEBCGI/show.pl?43307159_bib.pdf |3 Buch Bibliographie |
| 924 | 0 | |9 Mb 50 |a (DE-603)102394166X |b DE-Mb50 |c HES |d c |g 23.00966 | |


